Zupa Obiad - nagła śmierć - Statystyki

Ogólne statystyki
  • Ten quiz został rozwiązany 67 razy
    65 od ostatniego zresetowania
  • Średni wynik to 12 z 20
Answers on the Grid
Answers color-coded by a green-red scale on the quiz's grid according to % correct below.
zupa
obiad
zupa
obiad
zupa
obiad
zupa
obiad
zupa
obdyp
zupa
obiad
supa
obiad
zupa
obiad
zuqa
obied
zupa
obiad
roman
rosół
zupa
obiad
ormowie
Rzeczpospolita Obojga Narodów
zupa
obiad
 
Statystyki odpowiedzi
Odpowiedź % Poprawnych
obiad
71%
zupa
67%
zupa
67%
zupa
67%
obiad
64%
zupa
64%
obiad
62%
obiad
62%
obiad
62%
obiad
60%
zupa
60%
zupa
60%
zupa
60%
obiad
57%
obiad
57%
obiad
52%
zupa
52%
zupa
52%
zupa
48%
obiad
43%
Nie znaleziono quizów pasujących do podanych kryteriów
Rozkład punktacji
Procent ludzi z każdym wynikiem
Percentyl według liczby udzielonych odpowiedzi
Twoja historia wyników
Nie rozwiązałeś tego quizu od ostatniego zresetowania